Consideraçoes sobre o Método Científico (Record no. 602721)

000 -CABECERA
Campo de control de longitud fija 00445nab a2200145Ia 4500
003 - IDENTIFICADOR DEL NÚMERO DE CONTROL
Campo de control ES-SlBCS
005 - FECHA Y HORA DE LA ÚLTIMA TRANSACCIÓN
Campo de control 20210601133826.0
008 - CÓDIGOS DE INFORMACIÓN DE LONGITUD FIJA
Campo de control de longitud fija 140529s1986 xxu||||| |||| 00| 0 por d
041 ## - CÓDIGO DE LENGUA
Código de lengua del texto/banda sonora o título independiente por
100 1# - PUNTO DE ACCESO PRINCIPAL-NOMBRE DE PERSONA
Nombre de persona Uehara, Mituo
9 (RLIN) 210227
245 00 - MENCIÓN DE TÍTULO
Título Consideraçoes sobre o Método Científico
Mención de responsabilidad, etc. Mituo Uehara
650 04 - PUNTO DE ACCESO ADICIONAL DE MATERIA-TÉRMINO DE MATERIA
Término de materia o nombre geográfico como elemento inicial Método Científico
9 (RLIN) 137938
773 0# - ENLACE AL DOCUMENTO FUENTE
Título Presença Filosofica
Parte(s) relacionada(s) vol. 12, nº. 1-2-3-4, 1986, págs. 167-174
Número de control del registro relacionado Rev966
942 ## - ENTRADA DE ELEMENTOS AGREGADOS (KOHA)
Koha [por defecto] tipo de item Artículos de revista
Holdings
Suprimido Perdido Estropeado No para préstamo Localización permanente Localización actual Localización en estantería Fecha adquisición Préstamos totales Fecha última consulta Fecha del precio de reemplazo Tipo de item de Koha
        San Esteban San Esteban Depósito de revistas 11/07/2014   11/07/2014 11/07/2014 Artículos de revista

Bibliotecas Dominicos Provincia Hispania, 2016

Con tecnología Koha